Guess the random Taylor Swift Song Lyrics 124 - Statistics

General Stats
  • This quiz has been taken 36 times
  • The average score is 162 of 272
Answer Stats
Answer % Correct
be
97%
He
97%
he
97%
I
97%
the
93%
to
93%
To
93%
we
93%
who
93%
you
93%
hear
90%
me
90%
my
90%
My
90%
on
90%
and
86%
And
86%
where
86%
one
83%
For
79%
I'm
79%
it
79%
was
79%
her
76%
in
76%
In
76%
no
76%
what
76%
But
72%
but
72%
don't
72%
of
72%
that
72%
we're
72%
All
69%
all
69%
it's
69%
know
69%
with
66%
at
62%
back
62%
his
62%
out
62%
time
62%
up
62%
will
62%
baby
59%
never
59%
dreams
55%
first
55%
Fresh
55%
(Fresh
55%
home
55%
how
55%
oh)
55%
said
55%
slammer
55%
call
52%
did
52%
Get
52%
just
52%
Now
52%
now
52%
way
52%
As
48%
girl
48%
running
48%
again
45%
alright
45%
gonna
45%
pretty
45%
under
45%
going
41%
off
41%
American
38%
Another
38%
friends
38%
light
38%
matter
38%
says
38%
cover
34%
glimpse
34%
Here
34%
house
34%
I've
34%
lose
34%
smile
34%
understand
34%
wouldn't
34%
Ain't
31%
better
31%
done
31%
hour
31%
imaginary
31%
into
31%
porch
31%
rings
31%
still
31%
summer
31%
sunshine
31%
swings
31%
taking
31%
those
31%
used
31%
wait
31%
Wearing
31%
anyway
28%
blue
28%
children's
28%
feeling
28%
fights
28%
kept
28%
screw
28%
sit
28%
spell
28%
tunnels
28%
what's
28%
daily
24%
disappearing
24%
Handcuffed
24%
letters
24%
park
24%
poems
24%
shade
24%
stake
24%
starting
24%
Swirled
24%
tried
24%
Watch
24%
winter
24%
Years
24%
ashes
21%
Camera
21%
ceilings
21%
dinners
21%
flashes
21%
gleams
21%
Gray
21%
line
21%
matches
21%
nights
21%
silent
21%
bashes
17%
bitter
17%
labor
17%
locks
17%
rolling
17%
thunder
17%
welcome
17%
ledge
14%
toss
14%
Splintered
10%
No matching quizzes found
Score Distribution
Percent of People with Each Score
Percentile by Number Answered
Your Score History
You have not taken this quiz